000 00733cab a2200241 4500
001 WB3215-91
008 090401t1996 xxu||||| |||| 00| 0 eng d
035 _a(Sirsi) u70130
041 _aeng
245 _aSearch for lost property
260 _c1996
350 _a0
490 _aTimes
_v6 April 1996, 6(1)
520 _aSolicitors fear negligence claims from lenders as they are unable to carry out property searches due to local boundary changes.
650 _aLOCAL GOVERNMENT BOUNDARIES
650 _aMORTGAGE LENDERS
650 _aNEGLIGENCE CLAIMS
650 _aPROPERTY SEARCHES
650 _aSOLICITORS
690 _aMANAGEMENT-BUSINESS MANAGEMENT-PROFESSIONAL PRACTICE
942 _n0
948 _c04/03/1997
999 _c44120
_d44120